| 000 | 01078 a2200241 4500 | ||
|---|---|---|---|
| 005 | 20080912121655.0 | ||
| 008 | 080912t xxu||||| |||| 00| 0 hin d | ||
| 010 | _aHIN-80736 | ||
| 020 |
_a8121400236 _c120.00 |
||
| 035 | _aHN-53082 | ||
| 037 | _bD.B.Act / pub | ||
| 082 | _aउ | ||
| 100 | _aशानी | ||
| 245 |
_aसांप और सीढी _cशानी |
||
| 246 |
_aSanp aur Sidhi _bby hapi |
||
| 260 |
_aनयी दिल्ली _bनेशनल पब्लिशिंग हाउस _c2007 |
||
| 270 |
_a2/35 अंसारी रोड,दरियागंज _bजयपुर _e110002 _l011-23254407 _msales@nationalpublishinghouse.com |
||
| 300 |
_a119पृ _c22 सेमी (सजिल्द) |
||
| 650 | _aहिन्दी उपन्यास | ||
| 650 | _aHindi Novel | ||
| 942 |
_adpl _cHN _kउ / शानीसां _2ddc _hउ _mशानीसां |
||
| 999 |
_c7013 _d7013 |
||